Principles of Environmental SCIENCE Inquiry and Applications (Record no. 5624)

MARC details
005 - DATE AND TIME OF LATEST TRANSACTION
control field 20250627123313.0
020 ## - INTERNATIONAL STANDARD BOOK NUMBER
International Standard Book Number 0-07-2823-39-9
082 ## - DEWEY DECIMAL CLASSIFICATION NUMBER
Classification number 363.7 CUN
100 ## - MAIN ENTRY--PERSONAL NAME
Author name CUNNINGHAM,William P
245 ## - TITLE STATEMENT
Title Principles of Environmental SCIENCE Inquiry and Applications
250 ## - EDITION STATEMENT
Edition statement 3th Ed
260 ## - PUBLICATION, DISTRIBUTION, ETC.
Place of publication, distribution, etc. Boston
Name of publisher, distributor, etc. Higher Education
Date of publication, distribution, etc. 2006
300 ## - PHYSICAL DESCRIPTION
Extent xxii,410p.;illFigure,picture
Other physical details Appendix,Glossary
Dimensions 27cm
700 ## - ADDED ENTRY--PERSONAL NAME
Other authors/Editors Mary Ann Cunningham.
942 ## - ADDED ENTRY ELEMENTS (KOHA)
Source of classification or shelving scheme Dewey Decimal Classification
Koha item type Books
Holdings
Date last seen Total checkouts Full call number Barcode Cost, replacement price Price effective from Koha item type Lost status Source of classification or shelving scheme Damaged status Not for loan Withdrawn status Home library Current library Shelving location Date acquired Source of acquisition Cost, normal purchase price
06/27/2025   363.7 CUN MZA0002552 150000.00 06/27/2010 Books   Dewey Decimal Classification       CBE Mwanza CBE Mwanza Special Reserve Collection 06/27/2010 Library Budget 50000.00
06/27/2025   363.7 CUN MZA0002553 150000.00 06/27/2010 Books   Dewey Decimal Classification       CBE Mwanza CBE Mwanza Special Reserve Collection 06/27/2010 Library Budget 50000.00
06/27/2025   363.7 CUN MZA0002554 150000.00 06/27/2010 Books   Dewey Decimal Classification       CBE Mwanza CBE Mwanza Special Reserve Collection 06/27/2010 Library Budget 50000.00
06/27/2025   363.7 CUN MZA0002556 150000.00 06/27/2010 Books   Dewey Decimal Classification       CBE Mwanza CBE Mwanza Special Reserve Collection 06/27/2010 Library Budget 50000.00